000 00478pab a2200181 454500
008 180718b2000 xxu||||| |||| 00| 0 eng d
100 _aPurewal, Jasjit
245 _aGender violence, trauma, and its impact on women's mental health
260 _c2000
300 _ap.542-57
362 _aOct
650 _aWomen - Mental health
650 _aMental health
650 _aWomen
700 _aGanesh, Indira
773 _aIndian Journal of Social Welfare
909 _a47260
999 _c47260
_d47260